00497nam a22001577a 4500008004100000010001400041020001000055035001300065037001500078040001800093100002300111245006200134260004800196270007300244300002200317081217t xxu||||| |||| 00| 0 eng d aENG-92219 c60.00 aEN-75752 bDBAD / PUB adplbEnglish  aSivakumar, E.K.T.  aElements of chemical spectroscopy /cby E.K.T. Sivakumar  aChennaibVijaya Rajeswari Pathippagamc2008 aNew No. 13, Kumarappa Mudali Street, Nungambakkam, bChennaie600034 a96p. c20cm (pbk)